00876 2200229 4500001002100000005001500021035002000036245010300056100001200159250001000171300002300181700001500204700001100219700001000230700000900240260003900249082001000288084001600298020002200314650001400336520029600350INLIS00000000000043720210326101120 a0010-03210002641 aPanduan Praktis Membuat Biogas Portabel Skala Rumah Tangga dan Industri /cDr. Ir. Hardoyo, M.Eng.0 aHardoyo acet.1 a102hal. ;c14x21cm0 aTri Atmojo0 aDadang0 aSigit0 aAmos aYogyakarta :bPenerbit Andi,c2018 a665.7 a665.7 HAR p a978-979-29-6871-2 4aTeknologi aPerangkat Biogas portabel merupakan inovasi teknologi dalam energi bahan bakar terbarukan yang murah dan ramah lingkungan serta mudah dipindahkan sesuai kebutuhan pemakai. Penulis sendiri telah mendapatkan paten dari Dirjen Paten pada tahun 2011 mengenai 'Peralatan Pembuat Biogas Portabel'.